000 004300000a22001810004500
003 MACL
005 20151017104717.0
008 151017b xxu||||| |||| 00| 0 eng d
040 _aMACL
_cMACL
041 _aEnglish
082 _a294/AUR
100 _aSri Aurobindo
_98628
245 _aThe Upanishads
260 _bSri Aurobindo Ashram
_c1992
_aPondicherry
350 _a75
650 _aReligion
_915480
942 _cBK
_k294
_2ddc
999 _c4621
_d4621